Т. 84, вып. 12; Журнал прикладной химии

Dettagli Bibliografici
Parent link:Журнал прикладной химии: химический журнал/ Российская академия наук. Т. 84, вып. 12.— , 1928-
Lingua:russo
Pubblicazione: 2011
Natura: MixedMaterials Libro
KOHA link:https://koha.lib.tpu.ru/cgi-bin/koha/opac-detail.pl?biblionumber=467880

MARC

LEADER 00000nam2a2200000 4500
001 467880
005 20231101090846.0
035 |a (RuTPU)RU\TPU\prd\132891 
090 |a 467880 
100 |a 20120217a19289999k y0rusy50 ca 
101 0 |a rus 
102 |a RU 
200 0 |a Т. 84, вып. 12 
210 |d 2011 
461 1 |0 (RuTPU)RU\TPU\prd\164  |t Журнал прикладной химии  |o химический журнал  |f Российская академия наук  |v Т. 84, вып. 12  |d 1928- 
801 0 |a RU  |b 63413507  |c 20010227  |g PSBO 
801 1 |a RU  |b 63413507  |c 20120217 
801 2 |a RU  |b 63413507  |c 20201113  |g RCR 
942 |c BK 
999 |a НТБ_ТПУ  |b НФ  |e -1/20110111  |p П-1753  |s 1/20110407  |u 0,00  |v 1